K shirokoĭ doroge. : Roman /

Bibliographic Details
Main Author: Bibik, Alekseĭ Pavlovich, 1877-1976
Format: Book
Language:Russian
Published: Moskva : "Sov. pisatelʹ,", 1968.

MARC

Tag First Indicator Second Indicator Subfields
LEADER 00000cam a22000001 4500
001 in00002016349
005 20151031144406.0
008 790725s1968 ru ac 000 0 rusr
010 |a  68135180  
015 |a USSR 68-VKP 
020 |c 0.92rub 
035 |a (OCoLC)ocm05206943 
040 |a DLC  |c TJC  |d DLC  |d OCLCQ  |d TXA  |d UtOrBLW 
049 |a TXAM 
050 0 0 |a PG3476.B48  |b K2 1968 
100 1 |a Bibik, Alekseĭ Pavlovich,  |d 1877-1976. 
245 1 0 |a K shirokoĭ doroge. :  |b Roman /  |c [Ill. : A.I. Paukov]. 
264 1 |a Moskva :  |b "Sov. pisatelʹ,",  |c 1968. 
300 |a 526 pages :  |b with illustrations, portrait ;  |c 21 cm. 
336 |a text  |b txt  |2 rdacontent 
337 |a unmediated  |b n  |2 rdamedia 
338 |a volume  |b nc  |2 rdacarrier 
500 |a At head of title: A. Bibik. 
500 |a Russian in Cyrillic script. 
948 |a cataloged  |b h  |c 2004/11/30  |d c  |e spoltoratski  |f 1:34:01 pm 
994 |a E0  |b TXA 
999 |a MARS 
999 f f |s e5fed9e7-5f56-3236-8e20-33b6cf9379a0  |i f1f5ff86-6cc5-3133-9a9c-8ac7521dc897  |t 0 
952 f f |p ric  |a Texas A&M University  |b Rellis Campus  |c Joint Library Facility  |d Remote Storage  |t 0  |e PG3476.B48 K2 1968  |h Library of Congress classification  |i unmediated -- volume  |m A14831595506 
998 f f |a PG3476.B48 K2 1968  |t 0  |l Remote Storage